Recopilación de leyes por orden numérico
Na minha lista:
| Autor Corporativo: | |
|---|---|
| Formato: | Livro |
| Idioma: | espanhol |
| Publicado em: |
Santiago
Penitenciaría
1923
|
| Assuntos: | |
| Tags: |
Adicionar Tag
Sem tags, seja o primeiro a adicionar uma tag!
|
MARC
| LEADER | 00000nam a2200000 a 4500 | ||
|---|---|---|---|
| 001 | UCR1599 | ||
| 003 | CL-VaPUC | ||
| 008 | 971219e19230000CL |||||||||||||||||spa|d | ||
| 082 | 0 | 4 | |a 348.022 |b CON |2 21 |
| 110 | 2 | |a Consejo de Estado |e author |9 398890 | |
| 245 | 1 | 0 | |a Recopilación de leyes por orden numérico |
| 300 | |a t | ||
| 942 | |c BK | ||
| 945 | |d 19971219 00:00:00 |a lriquelm | ||
| 260 | |a Santiago |b Penitenciaría |c 1923 | ||
| 500 | |a Contiene la ley N§ 3.803 a la ley N§ 3.981 | ||
| 500 | |a Donación profesor Fernando Recio Olguín | ||
| 650 | 7 | |a LEGISLACION |2 CL-VaPUC |9 398891 | |
| 650 | 0 | |a Leyes |9 256670 | |
| 650 | 7 | |a FUENTES |2 CL-VaPUC |9 255666 | |
| 650 | 7 | |a DERECHO CHILENO |2 CL-VaPUC |9 398892 | |
| 651 | 7 | |a CHILE |2 CL-VaPUC |9 398893 | |
| 583 | |a last modification |c 19971219 00:00:00 |k Rodrigo Vera | ||
| 999 | |c 265000 |d 264998 | ||
| 952 | |0 0 |1 0 |2 ddc |4 0 |5 1 |6 348_022000000000000_CON_1923 |7 1 |8 C_LRYV |9 295736 |a FDOBRV |b BIBDER |d 2019-11-20 |h t.10 |i 190809K |o 348.022 CON 1923 |p 190809K |r 2023-01-25 |w 2019-11-20 |y BK_X |k BRV | ||
| 952 | |0 0 |1 0 |4 0 |6 348_022000000000000_CON_1923 |7 0 |8 F |9 295737 |a BIBDER |b BIBDER |d 2019-11-20 |h t.10 |i 1955438 |o 348.022 CON 1923 |p 1955438 |r 2023-01-25 |w 2019-11-20 |y BK_F |k DER | ||
| 952 | |0 0 |1 0 |4 0 |6 348_022000000000000_CON_1923 |7 0 |8 X |9 295738 |a BIBHIS |b BIBHIS |d 2019-11-20 |h t.10 |i 2129558 |o 348.022 CON 1923 |p 2129558 |r 2024-01-30 |w 2019-11-20 |y BK_X |k HIS | ||